000 01625pab a2200169 454500
008 180718b2009 xxu||||| |||| 00| 0 eng d
100 _aMathur, Aradhna
245 _aCities and livelihood: converting words ito action
260 _c2009
300 _ap.291-305.
362 _aSep
520 _aThe Convention on International Trade in Endangered Species of Wild Fauna and Flora (CITES) is the key international agreement regulating trade in wildlife. It works through a system of trade controls based on biological and international trade data of species. Trade regulations also affect local people as many rural households, especially in developing countries, depend on trade in wildlife for their livelihood. In the last few years, there is growing realization within CITES that effect on local populations cannot be ignored while implementing regulations to control wildlife trade internationally. This article discusses the livelihood debate within CITES and analyses whether it is an issue CITES should consi der. The article concludes that as synergy between multilateral agreements is increasing and as the livelihoods debate surfaces at every CITES meeting, it is an issue CITES cannot take lightly. Detailed research studying the effect on local communities and how livelihoods is incorporated within CITES is required. Considering the outcome at the CITES Conference of Parties (CoP) 14 held in June 2007, recommendations are given in this article for paving the way forward. - Reproduced.
650 _aUrban development
773 _aJournal of Environment and Development
908 _aN
909 _a84221
999 _c84221
_d84221